Gems in the Early Modern World : (Record no. 1782)

MARC details
000 -LEADER
fixed length control field 04903cam a22006135i 4500
001 - CONTROL NUMBER
control field data
005 - DATE AND TIME OF LATEST TRANSACTION
control field 20260322212117.0
006 - FIXED-LENGTH DATA ELEMENTS--ADDITIONAL MATERIAL CHARACTERISTICS
fixed length control field data
007 - PHYSICAL DESCRIPTION FIXED FIELD--GENERAL INFORMATION
fixed length control field data
008 - FIXED-LENGTH DATA ELEMENTS--GENERAL INFORMATION
fixed length control field data
035 ## - SYSTEM CONTROL NUMBER
System control number 21817472
010 ## - LIBRARY OF CONGRESS CONTROL NUMBER
LC control number 2019763213
020 ## - INTERNATIONAL STANDARD BOOK NUMBER
International Standard Book Number 9783319963792
024 7# - OTHER STANDARD IDENTIFIER
Standard number or code 10.1007/978-3-319-96379-2
Source of number or code doi
035 ## - SYSTEM CONTROL NUMBER
System control number (DE-He213)978-3-319-96379-2
040 ## - CATALOGING SOURCE
Original cataloging agency DLC
Language of cataloging eng
Description conventions rda
-- rda
Transcribing agency DLC
072 #7 - SUBJECT CATEGORY CODE
Subject category code HBG
Source bicssc
072 #7 - SUBJECT CATEGORY CODE
Subject category code HIS037000
Source bisacsh
072 #7 - SUBJECT CATEGORY CODE
Subject category code NHB
Source thema
082 04 - DEWEY DECIMAL CLASSIFICATION NUMBER
Classification number 909
Edition information 23
097 00 -
-- D17-24.5
245 00 - TITLE STATEMENT
Title Gems in the Early Modern World :
Remainder of title Materials, Knowledge and Global Trade, 1450-1800 /
Statement of responsibility, etc. edited by Michael Bycroft, Sven Dupré.
250 ## - EDITION STATEMENT
Edition statement 1st ed. 2019.
264 #1 - PRODUCTION, PUBLICATION, DISTRIBUTION, MANUFACTURE, AND COPYRIGHT NOTICE
Place of production, publication, distribution, manufacture Cham :
Name of producer, publisher, distributor, manufacturer Imprint: Palgrave Macmillan,
-- Imprint: Palgrave Macmillan,
Date of production, publication, distribution, manufacture, or copyright notice 2019.
300 ## - PHYSICAL DESCRIPTION
Extent 1 online resource (XVII, 359 pages 48 illustrations, 35 illustrations in color.)
336 ## - CONTENT TYPE
Content type term text
Content type code txt
Source rdacontent
337 ## - MEDIA TYPE
Media type term computer
Media type code c
Source rdamedia
338 ## - CARRIER TYPE
Carrier type term online resource
Carrier type code cr
Source rdacarrier
347 ## - DIGITAL FILE CHARACTERISTICS
File type text file
Encoding format PDF
Source rda
490 1# - SERIES STATEMENT
Series statement Europe's Asian Centuries
505 0# - FORMATTED CONTENTS NOTE
Formatted contents note 1. Introduction; Michael Bycroft and Sven Dupré -- Part I. Motion -- 2. The Plundering of the Ceylonese Royal Treasury, 1551-53: its Character, Cost and Dispersal; Hugo Miguel Crespo -- 3. Diamond-studded Paths: Lines of Communication and the Trading Network of the Hellemans Family, Jewellers from Antwerp; Christina M. Anderson -- 4. The Impact of European Trade with Southeast Asia on the Mineralogical Studies of Robert Boyle; Claire Sabel -- Part II. Value -- 5. Branches and Bones: The Transformative Matter of Coral in Ming Dynasty China; Anna Grasskamp -- 6. Boethius de Boodt and Emergence of the Oriental/Occidental Distinction in European Mineralogy; Michael Bycroft -- 7. Good and Bad Diamonds in Seventeenth-century Europe; Marcia Pointon -- 8. The Repudiation and Persistence of Lapidary Medicine in Eighteenth-century Dutch Medicine and Pharmacy; Marieke Hendriksen -- Part III. Skills -- 9. Polito et Claro. The Art and Knowledge of Polishing, 1200-1500; Marjolijn Bol -- 10. Mughal Lapidaries and the Inherited Modes of Production; Taylor L. Viens -- 11. Knowledge, Technique, and Taste in Transit: Diamond Polishing in Europe, 1500-1800; Karin Hofmeester -- 12. Gems and Counterfeited Gems in Early Modern Antwerp: from Workshops to Collections; Marlise Rijks.
520 ## - SUMMARY, ETC.
Summary, etc. This edited collection is an interdisciplinary study of gems in the early modern world. It examines the relations between the art, science, and technology of gems, and it does so against the backdrop of an expanding global trade in gems. The eleven chapters are organised into three parts. The first part sets the scene by describing how gems moved around the early modern world, how they were set in motion, and how they were pulled together in the course of their travels. The second part is about value. It asks why people valued gems, how they determined the value of a given gem, and how the value of a gem was connected to its perceived place of origin. The third part deals with the skills involved in cutting, polishing, and mounting gems, and how these skills were transmitted and articulated by artisans. The common themes of all these chapters are materials, knowledge and global trade. The contributors to this volume focus on the material properties of gems such as their weight and hardness, on the knowledge involved in exchanging them and valuing them, and on the cultural consequences of the expanding trade in gems in Eurasia and the Americas.
588 ## - SOURCE OF DESCRIPTION NOTE
Source of description note Description based on publisher-supplied MARC data.
650 #0 - SUBJECT ADDED ENTRY--TOPICAL TERM
Topical term or geographic name entry element Civilization
General subdivision History.
650 #0 - SUBJECT ADDED ENTRY--TOPICAL TERM
Topical term or geographic name entry element History.
650 #0 - SUBJECT ADDED ENTRY--TOPICAL TERM
Topical term or geographic name entry element World history.
650 14 - SUBJECT ADDED ENTRY--TOPICAL TERM
Topical term or geographic name entry element World History, Global and Transnational History.
Authority record control number or standard number https://scigraph.springernature.com/ontologies/product-market-codes/719000
650 24 - SUBJECT ADDED ENTRY--TOPICAL TERM
Topical term or geographic name entry element Asian History.
Authority record control number or standard number https://scigraph.springernature.com/ontologies/product-market-codes/715000
650 24 - SUBJECT ADDED ENTRY--TOPICAL TERM
Topical term or geographic name entry element Cultural History.
Authority record control number or standard number https://scigraph.springernature.com/ontologies/product-market-codes/723000
650 24 - SUBJECT ADDED ENTRY--TOPICAL TERM
Topical term or geographic name entry element European History.
Authority record control number or standard number https://scigraph.springernature.com/ontologies/product-market-codes/717000
650 24 - SUBJECT ADDED ENTRY--TOPICAL TERM
Topical term or geographic name entry element History of Science.
Authority record control number or standard number https://scigraph.springernature.com/ontologies/product-market-codes/731000
651 #0 - SUBJECT ADDED ENTRY--GEOGRAPHIC NAME
Geographic name Asia
General subdivision History.
651 #0 - SUBJECT ADDED ENTRY--GEOGRAPHIC NAME
Geographic name Europe
General subdivision History.
700 1# - ADDED ENTRY--PERSONAL NAME
Personal name Bycroft, Michael,
Relator term editor.
700 1# - ADDED ENTRY--PERSONAL NAME
Personal name Dupré, Sven,
Relator term editor.
776 08 - ADDITIONAL PHYSICAL FORM ENTRY
Relationship information Print version:
Title Gems in the early modern world : materials, knowledge and global trade, 1450-1800
International Standard Book Number 9783319963785
Record control number (DLC) 2018951601
776 08 - ADDITIONAL PHYSICAL FORM ENTRY
Relationship information Printed edition:
International Standard Book Number 9783319963785
776 08 - ADDITIONAL PHYSICAL FORM ENTRY
Relationship information Printed edition:
International Standard Book Number 9783319963808
830 #0 - SERIES ADDED ENTRY--UNIFORM TITLE
Uniform title Europe's Asian Centuries
906 ## - LOCAL DATA ELEMENT F, LDF (RLIN)
a 0
b ibc
c origres
d u
e ncip
f 20
g y-gencatlg
925 0# -
-- acquire
-- pcnspringer
-- policy default
985 ## -
-- springerpcn
-- batch7
991 ## -
-- s-Online
-- Electronic Resource
Holdings
Withdrawn status Lost status Damaged status Not for loan Home library Current library Shelving location Date acquired Total checkouts Full call number Barcode Date last seen Price effective from Koha item type
        Franklin Franklin General stacks 22/03/2026   909 LOC-FRL-00018 22/03/2026 22/03/2026 Books